000 00726nam a2200253 a 4500
001 26698
003 CO-ViMGA
008 141112s2004 ck r 000 u spa d
020 _a9789974684447
040 _aCO-ViMGA
_bspa
_cCO-ViMGA
090 _aLM BALc
100 1 _aBallesteros, Adriana
245 1 0 _aCuentos con magos :
_bLos dragones del hielo /
_cAdriana Ballesteros ; ilustrado por Marcelo Zamora
250 _a1ra. ed.
260 _aUruguay :
_bLatinbooks,
_c2009
300 _a32 p. : il.; 23 cm
650 1 4 _aCuentos para niƱos
650 1 4 _aDragones
_93825
650 1 4 _aHechiceros
_93826
650 1 4 _aLiteratura infantil
_92746
650 1 4 _aMagos
650 1 4 _aMitologia
_93828
942 _2ddc
_cBK
999 _c10046
_d10046